MARC details
| 000 -CABECERA |
| campo de control de longitud fija |
00899nam a2200253 u 4500 |
| 003 - IDENTIFICADOR DEL NÚMERO DE CONTROL |
| campo de control |
MX-MxUPN |
| 005 - FECHA Y HORA DE LA ÚLTIMA TRANSACCIÓN |
| campo de control |
20230527063605.0 |
| 008 - ELEMENTOS DE LONGITUD FIJA--INFORMACIÓN GENERAL |
| campo de control de longitud fija |
191014s1972 r 000 0 spa d |
| 035 ## - NÚMERO DE CONTROL DEL SISTEMA |
| Número de control de sistema |
UPN01000233314 |
| 040 ## - FUENTE DE LA CATALOGACIÓN |
| Centro catalogador/agencia de origen |
MX-MxUPN |
| Lengua de catalogación |
spa |
| Centro/agencia transcriptor |
MX-MxUPN |
| 050 ## - SIGNATURA TOPOGRÁFICA DE LA BIBLIOTECA DEL CONGRESO |
| Número de clasificación |
BF724 |
| Número de documento/Ítem |
L5.3 |
| 100 1# - ASIENTO PRINCIPAL--NOMBRE PERSONAL |
| Nombre de persona |
Lidz, Theodore, |
| Fechas asociadas al nombre |
1910-2001 |
| 9 (RLIN) |
44311 |
| 240 ## - TÍTULO UNIFORME |
| Título uniforme |
Adolescence: Psychosocial perspectives. |
| Lenguaje de la obra |
Español |
| 245 03 - MENCIÓN DE TÍTULO |
| Título |
El adolescente y su familia / |
| Mención de responsabilidad, etc. |
TH Lidz, R.L. Shapiro, ... [et. al]. |
| 260 ## - PUBLICACIÓN, DISTRIBUCIÓN, ETC. |
| Lugar de publicación, distribución, etc. |
Buenos Aires : |
| Nombre del editor, distribuidor, etc. |
Paidos, |
| Fecha de publicación, distribución, etc. |
1972 |
| 300 ## - DESCRIPCIÓN FÍSICA |
| Extensión |
93 p. |
| 500 ## - NOTA GENERAL |
| Nota general |
Traducción de: Adolescence: Psychosocial perspectives. |
| 650 #4 - ASIENTO SECUNDARIO DE MATERIA - TERMINO TEMATICO |
| Término de materia o nombre geográfico como elemento de entrada |
Psicología del adolescente |
| Subdivisión general |
COMPORTAMIENTO |
| 9 (RLIN) |
1013 |
| 650 #7 - ASIENTO SECUNDARIO DE MATERIA - TERMINO TEMATICO |
| 9 (RLIN) |
1017 |
| Término de materia o nombre geográfico como elemento de entrada |
ADOLESCENTES - |
| Subdivisión general |
RELACIONES FAMILIARES |
| Fuente del encabezamiento o término |
Catálogo de autoridades de materia de la BGTQ |
| 700 1# - ASIENTO SECUNDARIO--NOMBRE DE PERSONAL |
| Nombre de persona |
Shapiro, Roger L. |
| Término indicativo de función/relación |
autor |
| 9 (RLIN) |
44242 |
| 905 ## - TIPO DE MATERIAL |
| Tipo de material |
Libro |
| 942 ## - ELEMENTOS DE PUNTO DE ACCESO ADICIONAL (KOHA) |
| Fuente del sistema de clasificación o colocación |
Library of Congress Classification |
| Tipo de ítem Koha |
Libro |